00572 2200217 4500001002100000005001500021035002000036007000300056008004100059020001800100082000800118084001500126100001500141245006900156260004500225300003100270650001100301700001800312990001200330990001200342INLIS00000000000173720180315093354 a0010-0318000080ta180315 g 0 ind  a9786020327051 a391 a391 END o0 aENDAH, R.A1 aOuterwear Brokat yang Memikat /cEndah R.A; editor, Petra Aquina aJakarta :bGramedia Pustaka Utama,c2016 a94 hlm. :bilus. ;c23 cm. aFASION0 aPETRA, Aquina a16690 a a16690 b